AH International Schools' Libraries

My First Book of Garden Bugs / (Record no. 48833)

MARC details
000 -LEADER
fixed length control field 00412nam a2200133 4500
020 ## - INTERNATIONAL STANDARD BOOK NUMBER
International Standard Book Number 9781408114155
100 ## - MAIN ENTRY--PERSONAL NAME
Personal name Unwin, Mike,
Relator term author.
9 (RLIN) 59979
245 ## - TITLE STATEMENT
Title My First Book of Garden Bugs /
Remainder of title written by Mike Unwin, Illustrated by Tony Sanchez.
260 ## - PUBLICATION, DISTRIBUTION, ETC. (IMPRINT)
Place of publication, distribution, etc London :
Name of publisher, distributor, etc Bloomsbury Children's Books ;
Date of publication, distribution, etc 2009.
300 ## - PHYSICAL DESCRIPTION
Extent 47 pages.
650 ## - SUBJECT ADDED ENTRY--TOPICAL TERM
9 (RLIN) 18130
Topical term or geographic name as entry element Insects.
650 ## - SUBJECT ADDED ENTRY--TOPICAL TERM
Topical term or geographic name as entry element mini beast
9 (RLIN) 86229
942 ## - ADDED ENTRY ELEMENTS (KOHA)
Source of classification or shelving scheme
Koha item type Book
Holdings
Withdrawn status Lost status Source of classification or shelving scheme Damaged status Not for loan Home library Current library Date acquired Total Checkouts Full call number Barcode Date last seen Price effective from Koha item type
          Logos International School Logos International School 04/11/2025   J 595.7 UNW 040613 04/25/2025 04/11/2025 Book

For any Logos Library related questions please contact Miss Art at swongnarasuk@asianhope.org.

For any Asian Hope Library related questions please contact Miss Raza at graza@asianhope.org.

Click here to explore our ebooks!

Powered by Koha